000 01143cad a22002295a 4500
001 L155911
008 120420s2007 xxk f 000 0 eng d
035 _a(Sirsi) u155911
041 0 _aeng
110 0 _aAutodesk, Inc
245 0 0 _aBIM and cost estimating
_h[electronic resource]
260 _aSan Rafael
_bAutodesk
_c2007
520 _aA paper exploring how the reliable information held within a building information model can be used to support cost estimating. The paper outlines approaches used to link BIM and costing solutions, and then provides examples of firms who are using Revit software products in conjunction with various cost estimating solutions, offering insight as to how information from BIM is benefiting architects, quantity surveyors and cost estimators, and builders - as well as their clients.
590 _aKA
650 _aBUILDING INFORMATION MODELLING
650 2 4 _aBIM
_96219
651 4 _aUnited States
651 4 _aInternational
690 _aBIM
_96219
856 4 0 _uhttps://www.consortech.com/bim2/documents/BIM_cost_estimating_EN.pdf
_zView the paper (PDF) here www.consortech.com
942 _n0
999 _c113913
_d113913